000 00341nam a2200145Ia 4500
008 230711s9999||||xx |||||||||||||| ||und||
041 _aENG
082 _a624
_bRA-F
100 _aRandhawa,M.S.
245 0 _aFlowering trees
250 _a1st . Ed.
260 _c2001
_aNew Delhi
_bNational Book Trund
650 _aArchitecture
942 _cBK
999 _c4271
_d4271